Discursos leídos en la apertura del Museo Antropológico y Escuela Libre del Dr. Velasco / (Record no. 162749)

MARC details
000 -LEADER
campo de control de longitud fija 01054nam a22002295i 4500
001 - NÚMERO DE CONTROL
campo de control 162749
003 - IDENTIFICADOR DE NÚMERO DE CONTROL
campo de control ES-MaACL
005 - FECHA Y HORA DE LA ÚLTIMA TRANSACCIÓN
campo de control 20250814220558.0
008 - DATOS DE LONGITUD FIJA--INFORMACIÓN GENERAL
campo de control de longitud fija 030130s1875 sp |||| | spa d
040 ## - FUENTE DE CATALOGACIÓN
Centro catalogador/agencia de origen CCPB | B
Lengua de catalogación spa
Centro/agencia transcriptor CCPB | B
100 1# - ENTRADA PRINCIPAL--NOMBRE DE PERSONA
Nombre de persona Pulido, Ángel,
Fechas asociadas al nombre 1852-1932
9 (RLIN) 149324
245 10 - MENCIÓN DEL TÍTULO
Título Discursos leídos en la apertura del Museo Antropológico y Escuela Libre del Dr. Velasco /
Mención de responsabilidad, etc. por Ángel Pulido y Fernández y Pedro González de Velasco.
260 ## - PUBLICACIÓN, DISTRIBUCIÓN, ETC.
Lugar de publicación, distribución, etc. Madrid :
Nombre del editor, distribuidor, etc. Imp., Fundición y Estereotipia de Juan Aguado,
Fecha de publicación, distribución, etc. 1875.
300 ## - DESCRIPCIÓN FÍSICA
Extensión 53 p. ;
Dimensiones 29 cm.
530 ## - NOTA DISPONIBLE DE FORMULARIO FÍSICO ADICIONAL
Nota de formato físico adicional disponible Disponible en formato digital.
610 24 - PUNTO DE ACCESO ADICIONAL DE MATERIA--NOMBRE DE ENTIDAD CORPORATIVA
Nombre de entidad corporativa o nombre de jurisdicción como elemento de entrada Museo Antropológico (España)
9 (RLIN) 170601
650 #7 - PUNTO DE ACCESO ADICIONAL DE MATERIA--TÉRMINO DE MATERIA
Término de materia o nombre geográfico como elemento de entrada Antropología cultural y social
Fuente del encabezamiento o término embne
9 (RLIN) 9867
700 1# - ENTRADA AGREGADA--NOMBRE PERSONAL
Nombre de persona González Velasco, Pedro,
Fechas asociadas al nombre 1815-1882
9 (RLIN) 127434
852 ## - LOCALIZACIÓN
Ubicación ES-MaACL
Número de control de estantería T-443-F-4
Nota libre - Enc. hol., falto de cub. original
-- - Enc. en un vol. facticio
856 ## - LOCALIZACIÓN Y ACCESO ELECTRÓNICOS
Identificador Uniforme de Recursos <a href="http://bibliotecavirtualdefensa.es/BVMDefensa/es/consulta/registro.do?id=16565">http://bibliotecavirtualdefensa.es/BVMDefensa/es/consulta/registro.do?id=16565</a>
Nota pública Biblioteca Virtual de Defensa
Holdings
Estatus retirado Estado de pérdida Estado de daño No para préstamo Colección Biblioteca de origen Biblioteca actual Ubicación en estantería Fecha de adquisición Total de préstamos Signatura topográfica completa Código de barras Visto por última vez Precio de reemplazo Tipo de ítem Koha
        Colección de folletos Biblioteca del Ateneo de Madrid Biblioteca del Ateneo de Madrid Depósito folletos 17/01/2008   T-443-F-4 1170514 23/02/2023 23/02/2023 Folleto